| 000 | 00876nam a22002777a 4500 | ||
|---|---|---|---|
| 001 | BR2025005261 | ||
| 003 | BR-BrBNA | ||
| 005 | 20251203130340.0 | ||
| 008 | 251203b bl.||||| |||| 00| 0 por d | ||
| 020 | _a978-85-99851-45-6 | ||
| 040 |
_aBR-BrBNA _bpor |
||
| 041 | _apor | ||
| 072 | _aF08 ; D50 ; Q02 ; E16 ; E70 | ||
| 090 | _aF08 BR2025005261 | ||
| 110 | _aMinistério da Agricultura, Pecuária e Abastecimento, Brasília, DF (Brasil). Secretaria de Desenvolvimento Agropecuário e Cooperativismo | ||
| 245 | _aProdutos orgânicos: sistemas participativos de garantia | ||
| 260 |
_aBrasília, DF (Brasil) _c2015 |
||
| 300 | _a44 p. | ||
| 500 | _a20 illus. | ||
| 650 | _aAGRICULTURA ORGÂNICA | ||
| 650 | _aPRODUÇÃO ORGÂNICA | ||
| 650 | _aCERTIFICAÇÃO ORGÂNICA | ||
| 650 | _aSELO DE QUALIDADE | ||
| 909 |
_a202512 _bFernando |
||
| 942 | _cBK | ||
| 999 |
_c339327 _d339327 |
||